| 000 | 00364nam a2200145Ia 4500 | ||
|---|---|---|---|
| 008 | 230312s9999||||xx |||||||||||||| ||und|| | ||
| 082 |
_a650 _bSAE-I |
||
| 100 | _aM,Saeed Nasir | ||
| 245 | 0 | _aIntroduction to business | |
| 260 |
_bNewfine Printing Press _aPakistan _c2008 |
||
| 300 | _a288 | ||
| 546 | _aEng. | ||
| 650 |
_aAccounting _vNature and Scope |
||
| 942 | _cBK | ||
| 999 |
_c6220 _d6220 |
||